Ramon Teixidor
ISBN:
84-7794-808-9
Publicado:
[Barcelona] :
Associació d'Actors i Directors Professionals de Catalunya : Diputació de Barcelona, 2001
Descripción Física:
97 p. : il., fot. ; 22 cm
Colección:
Actors entreacte
MARC
| LEADER | 00000nam a2200000Ia 4500 | ||
|---|---|---|---|
| 001 | 13244 | ||
| 003 | BGR | ||
| 005 | 20260324175705.0 | ||
| 008 | 160829s9999 xx 000 0 cat d | ||
| 020 | |a 84-7794-808-9 | ||
| 080 | |a B-1-397 | ||
| 245 | |a Ramon Teixidor | ||
| 260 | |a [Barcelona] : |b Associació d'Actors i Directors Professionals de Catalunya : |b Diputació de Barcelona, 2001 | ||
| 300 | |a 97 p. : |b il., fot. ; |c 22 cm | ||
| 490 | |a Actors entreacte | ||
| 590 | |a Cronologia. | ||
| 590 | |a Conté fotografies de l'actor en diferents espectacles | ||
| 650 | |a Teixidor, Ramon |9 38001 | ||
| 650 | |a Actors |x Catalunya |x Biografia |9 38002 | ||
| 710 | 1 | |a Barcelona (Catalunya : Província). |b Diputació |9 52408 | |
| 710 | 2 | |a Associació d'Actors i Directors Professionals de Catalunya |9 70486 | |
| 901 | |a Arxiu | ||
| 942 | |n 1 |2 udc |c MON | ||
| 952 | |0 0 |1 0 |4 0 |6 B1397 |7 1 |9 48197 |a Arxiu |b Arxiu |d 2016-12-01 |l 0 |o B-1-397 |p 13244 |r 2016-12-01 00:00:00 |w 2016-12-01 |y ARXIU | ||
| 999 | |c 52003 |d 52003 | ||